Spoluhláska n (Kapitoly zo slovenskej ortoepie)

Bibliographic Details
Main Author: Kráľ, Ábel, 1932-2023 (Author)
Format: Article
Language:Slovak

MARC

LEADER 00000nab a2200000ua 4500
001 vtls010744341
003 SK-MaSNL
005 20260304203819.0
008 250718s1976 xo |||||||||||||||||slo|
035 |a (urnnbn)urn:nbn:sk:snk:ar-004o4z 
035 |a (uuid)f9e520de-a939-4664-9e9c-e0bf9ba9971b 
035 |a urn:nbn:sk:snk-ab44cl 
040 |a SNKBUCL  |b slo  |c SNKBUCL  |e AACR2 
041 0 |a slo 
044 |a xo  |c SK 
100 1 |a Kráľ, Ábel,  |d 1932-2023  |4 aut  |9 201314 
245 1 0 |a Spoluhláska n  |b (Kapitoly zo slovenskej ortoepie)  |c Ábel Kráľ 
773 0 |t Kultúra slova : vedecko-popularizačný časopis pre jazykovú kultúru a terminológiu : orgán Jazykovedného ústavu Ľudovíta Štúra SAV, Jazykového odboru Matice slovenskej a Ústrednej jazykovej rady  |g Roč. 10, č. 9 (1976), s. 306-312 
850 |a Slovenská národná knižnica 
852 |a Slovenská národná knižnica 
954 |a odborná, vedecká literatúra pôvodná (slovenská)  |2 lita 
958 |a article3 
958 |a OND 
958 |a EUIPO 
999 |c 3112349  |d 3114279